000 00753nam a2200229 i 4500
001 190431
003 ES-MaACL
005 20251005063143.0
008 210326s2007 xxu 000 f eng d
020 _a978-0-525-94978-7
080 _a821.111(73)-31"19"
100 1 _aChevalier, Tracy,
_d1962-
_9171113
245 1 0 _aBurning bright /
_cTracy Chevalier.
250 _a1st. printing.
260 _a[New York] :
_bDutton,
_c2007.
300 _a311 p. ;
_c24 cm.
852 4 _aES-MaACL
_jA-14631
_9197608
_bR.152185
_cDEPO1
_dOlim: N-7631
_hDonación: José Lázaro
_xEncuadernación en cartoné
903 _9234219
_aLázaro García, José
_ednr
942 _2udc
_cMONOGRAFIA
999 _c190431
_d190431